000 00428nam a22001577a 4500
003 SGT
020 _a9789356962026
082 _a615
_bO26T
100 _aTRIPATHI, K.D.
245 _aONE STOP RESOURCE FOR ALL YOUR EXAM NEEDS IN PHARMACOLOGY
260 _aNEW DELHI
_bJAYPEE BRO. PUB.
_c2026
300 _a183
650 _aPHARMACOLOGY
653 _aONE, STOP, RESOURCE, ALL ,YOUR, EXAM, NEEDS, PHARMACOLOG
942 _2ddc
_cBK
999 _c34832
_d34832